01557nam a22002177a 4500003000900000008004100009040007100050082004500121110005500166245006800221260004000289300002900329440005500358505076800413650002901181650002301210650002101233650001501254650001501269710005501284AR-CdUCM190425b ||||| |||| 00| 0 spa d aMUNICIPALIDAD PROVINCIAL DEL CUSCOcBIBLIOTECA MUNICIPAL DEL CUSCO aRev.Univ/N°35/1921bRev.Univ/N°35/1921 aUniversidad Nacional de San Antonio Abad del Cusco aRevista Universitaria :bÓrgano de la Universidad del Cuzco / aCusco :bEl Comercio,cagosto 1921. a136 páginas. :c20 cm. aRevista UniversitarianAño X, agosto 1921, N°35 aContenido: Ante la Patria, redacción. -- El Cuzco meca del Turismo. Alberto A. Giesecke. -- El barrio incaico de Ccolccampata. José Gabriel Cosio. -- Apuntes para un estudio de Arqueología regional. Antonio Lorena. -- Tiahuanacu. Ollantaytambo. Cuzco. Luis E. Valcárcel. -- Plantas alimenticias indígenas cultivadas en el Departamento. Fortunato L. Herrera. -- La Universidad del Cuzco ante el problema indígena. Félix Cosio. -- El Museo Arqueológico de la Universidad del Cuzco. El Escudo del Cuzco títulos y cedulas. -- Monografía agrícola del Departamento. Federico Ponce de León. -- El Ccoricancha monografía arqueológica. Guillermo Lazo. -- El Cuzco Incaico. Uriel García. -- El doctor Rowe miembro de la Universidad del Cuzco.  aArqueología cusqueña aTurismo cusqueño aEscudo del Cusco aQorikancha aQolqampata aUniversidad Nacional de San Antonio Abad del Cusco